000 00583nam a2200229Ia 4500
003 OSt
005 20220918201402.0
006 a|||||r|||| 00| 0
007 ta
008 220917b |||||||| |||| 00| 0 eng d
024 _a93,556
037 _cTextual
040 _aARTS
_cARTS
_beng
041 _2eng
_aeng
082 _aV1N39, L1
100 _aPayton Smith D J
_998478
245 0 _aOil
_b a study of war time policy and administration
260 _c1971
650 _aHISTORY
942 _hV1N39, L1
_cTEXL
_2CC
999 _c217198
_d217198